Vita standard di un venditore provvisorio di collant /

Gespeichert in:
Bibliographische Detailangaben
1. Verfasser: Busi, Aldo (Verfasst von)
Format: Buch
Sprache:Italienisch
Veröffentlicht: Milano : CDE, stampa 1986
Tags: Tag hinzufügen
Keine Tags, Fügen Sie das erste Tag hinzu!

MARC

LEADER 00000nam a22000007i 4500
001 IT\ICCU\CFI\0095800
003 ItRI
005 20250504114940.0
008 890621s1986 it |||||| ||||| |||||c
040 |b ita  |c Comunitas 
041 7 |a ita  |2 ISO-639-2 
082 |a 853.914  |2 19 
100 1 |a Busi, Aldo  |0 IT\ICCU\CFIV\025907  |4 aut 
245 1 0 |a Vita standard di un venditore provvisorio di collant /  |c Aldo Busi. 
260 |a Milano :  |b CDE,  |c stampa 1986 
300 |a 473 p. ;  |c 22 cm. 
942 |2 ddc  |c BK 
952 |0 0  |1 0  |2 ddc  |4 0  |6 853_914000000000000_BUS_VIT  |7 0  |9 4187  |a AN  |b AN  |d 2025-05-04  |l 0  |o 853.914 BUS VIT  |p 11364  |r 2025-05-04 11:51:24  |w 2025-05-04  |y BK 
981 1 |6 z01  |a i   |b xxxe  
982 1 |6 z01  |a n 
999 |c 3225  |d 3225